LEADER 01232nam1-2200385---450- 001 990001201870203316 005 20080222114859.0 035 $a000120187 035 $aUSA01000120187 035 $a(ALEPH)000120187USA01 035 $a000120187 100 $a20031017g19939999km-y0itay50------ba 101 0 $aita 102 $aIT 105 $aa|||||||001yy 200 1 $a<>esame di fondamenti di geometria descrittiva$fOrseo Fasolo, Marco Fasolo 210 $aRoma$cKappa$dcopyr. 1993-1995 215 $a2 v.$cill.$d30 cm 463 \1$1001990001201930203316$12001 $a<<1>>: 145 esercizi svolti e spiegati 463 \1$1001990001201990203316$12001 $a<<2>>: 153 esercizi svolti e spiegati 606 0 $aGeometria descrittiva 606 0 $aDisegno geometrico 676 $a516.6 700 1$aFASOLO,$bOrseo$0555947 701 1$aFASOLO,$bMarco$0555949 801 0$aIT$bsalbc$gISBD 912 $a990001201870203316 951 $a516.6 FAS$bIng.$c516.6 959 $aBK 969 $aTEC 979 $aSIAV4$b10$c20031017$lUSA01$h1324 979 $aPATRY$b90$c20040406$lUSA01$h1726 979 $aANNAMARIA$b90$c20080222$lUSA01$h1149 996 $aEsame di fondamenti di geometria descrittiva$9985942 997 $aUNISA LEADER 01241cam0-22003491i-450- 001 990007404440403321 005 20120717163139.0 010 $a88-464-3975-9 035 $a000740444 035 $aFED01000740444 035 $a(Aleph)000740444FED01 035 $a000740444 100 $a20030402d2002----km-y0itay50------ba 101 0 $aita 102 $aIT 105 $ay-------101yy 200 1 $aDiboscamento montano e politiche territoriali$eAlpi e Appennini dal Settecento al Duemila$fa cura di Antonio Lazzarini 210 $aMilano$cFrancoAngeli$d2002 215 $a598 p.$d23 cm 225 1 $aStudi e ricerche storiche$v306 300 $aAtti del convegno tenuto a Vicenza nel 2001 300 $aIn testa al front.: Istituto per le ricerche di storia sociale e religiosa Onlus. Istituto Bellunese per la storia della Resistenza e dell'età contemporanea 610 0 $aDisboscamento$aAlpi$aSec. 18.-20.Alpi 676 $a333.750945$v19$zita 702 1$aLazzarini,$bAntonio$f<1942- > 801 0$aIT$bUNINA$gRICA$2UNIMARC 901 $aBK 912 $a990007404440403321 952 $aCollez. 698 (306)$b39282$fFSPBC 959 $aFSPBC 996 $aDiboscamento montano e politiche territoriali$9691250 997 $aUNINA